000
00322 a2200145 4500
001
153629
040
_c
Escola São Tomás de Aquino
100
_a
PAOLIELLO, Lindolfo
240
1
0
_a
Pura Emoção
_l
por
245
1
0
_a
Pura Emoção
362
0
_a
1997
440
1
_a
Del Rey
697
_a
*LITERATURA JUVENIL
942
_c
BK
999
_c
153629
_d
153629